Quiz sur les Chevaliers d'Émeraude #2 - Statistiques

Statistiques générales
  • Ce quiz a été pris 112 fois
  • Le résultat moyen est 11 sur 15
Statistiques - réponses
Énoncé Réponse % Correct
Meilleur ami de Wellan Santo
95%
Père de Liam Jasson
91%
Royaume où se situe la Montagne de Cristal Émeraude
88%
Royaume où a lieu un massacre dans le premier tome Shola
85%
Maître d'Ariane lorsqu'elle est Écuyer Chloé
82%
Reine de ce pays à ce moment Fan
80%
Nom du magicien de Cristal Abnar
76%
Deuxième Écuyer de Wellan Cameron
68%
Sorcier ayant tué Curri Sélace
65%
Seul royaume dont le nom contient 3 lettres Fal
64%
Épouse de Jasson Sanya
61%
Épouse de Bergeau Catania
55%
Titre du tome 4 La princesse rebelle
54%
Royaume d'où vient Nogait Turquoise
49%
Premier Écuyer de Santo Kerns
41%
Aucun quiz correspondant
Distribution des résultats
% des personnes avec chaque résultat
Percentile par nombre de réponses
Votre historique - résultats
Vous n’avez pas pris ce quiz